| 000 | 00492cam a2200181 4500 | ||
|---|---|---|---|
| 001 | D3884 | ||
| 008 | 090401t1962 xxu||||| |||| 00| 0 eng d | ||
| 035 | _a(Sirsi) u75435 | ||
| 041 | _aeng | ||
| 050 | _a336.210212 | ||
| 100 | _aFoster, G.J. | ||
| 245 | _aFoster`s rateable value and other tables.... based on the Valuation (Statutory Deductions) Order 1962 | ||
| 260 |
_aLondon _bEstates Gazette _c1962 |
||
| 300 | _ax. 84p. 18cm | ||
| 350 | _a0.43 | ||
| 942 | _n0 | ||
| 948 | _c04/03/1997 | ||
| 999 |
_c96012 _d96012 |
||